Program celoživotného vzdelávania v SR bakalárska práca

Salvato in:
Dettagli Bibliografici
Autore principale: Bednáriková, Miroslava
Ente Autore: Národohospodárska fakulta EU. Katedra sociálneho rozvoja a práce
Altri autori: Polonyová, Simona, 1985-
Natura: Libro
Lingua:slovacco
Pubblicazione: Bratislava 2011
Tags: Aggiungi Tag
Nessun Tag, puoi essere il primo ad aggiungerne!!

MARC

LEADER 00000nbm a2200000 4500
001 0139721
005 20161109111641.5
041 0 |a slo 
044 |a SK 
245 1 0 |a Program celoživotného vzdelávania v SR  |b bakalárska práca  |c Miroslava Bednáriková ; školiteľ: Simona Polonyová 
264 1 |a Bratislava  |c 2011 
300 |a 48 s. 
100 1 |a Bednáriková, Miroslava 
700 1 |a Polonyová, Simona, 1985- 
710 2 |a Národohospodárska fakulta EU. Katedra sociálneho rozvoja a práce